000 00435nam a2200181Ia 4500
001 10816
005 20260306161900.0
008 260306t1951||||xx |||||||||||||| ||spa||
041 _aESP
082 _a973
_bE41 T. 3
100 _aMorison, Samuel Eliot
_eAUT
245 0 _aHistoria de los Estados Unidos de Norteamérica
260 _c1951
300 _a
_c24 cm.
650 _aGEN
654 _aCHU
942 _cLIB
_dJUS
_fJUS
_2ddc
_n
999 _c10816
_d10816